Sports Quiz

Random Sports Quiz

Final WCW Roster Quiz Stats

Quiz not verified by Sporcle

Challenge
Share
Tweet
Embed
Score 0/75 Timer 10:00
0 Plays Today
Wrestler % Correct
Kevin Nash
89.2%
Booker T
87.5%
Ric Flair
86.7%
Scott Steiner
86.7%
Sting
86.4%
Rick Steiner
84.2%
Diamond Dallas Page
82.4%
Goldberg
81.4%
Rey Mysterio, Jr.
79.9%
Billy Kidman
78.1%
Jeff Jarrett
74.6%
Lex Luger
73.8%
'Hollywood' Hulk Hogan
72.8%
Buff Bagwell
72%
Lance Storm
69.2%
Chavo Guerrero, Jr.
66.7%
Sean O'Haire
66.7%
Kanyon
65.6%
Mike Awesome
65.2%
Chuck Palumbo
64.9%
Hurricane Helms
64.9%
Konnan
64.5%
Shawn Stasiak
63.8%
Mark Jindrak
60.6%
A.J. Styles
60.2%
Bam Bam Bigelow
59.9%
Brian Adams
59.1%
Hugh Morrus
57.3%
Disco Inferno
57%
Shannon Moore
57%
Sid Vicious
57%
Bryan Clark
56.3%
Shane Douglas
54.8%
Elix Skipper
54.1%
The Wall
54.1%
Alex Wright
53.8%
Torrie Wilson
52%
Ernest 'The Cat' Miller
50.9%
Wrestler % Correct
Jamie Knoble
50.5%
Mike Sanders
50.5%
Dustin Rhodes
50.2%
Dusty Rhodes
48.4%
Stacey Keibler
48%
Animal
47.7%
Kwee Wee
47.7%
Yun Yang
45.5%
Crowbar
45.2%
Evan Karagias
45.2%
Ron Harris
45.2%
Don Harris
44.8%
Big Vito
43%
Meng
43%
Norman Smiley
43%
Curt Hennig
41.9%
'Hacksaw' Jim Duggan
40.9%
Reno
40.1%
Terry Funk
39.4%
Air Paris
39.1%
Kaz Hayashi
39.1%
Johnny The Bull
38.7%
Kid Romeo
38.4%
Lash LeRoux
35.8%
Major Gunns
32.3%
Daffney
29.4%
The Demon
24.4%
Dewayne Bruce
24%
Jason Jett
20.8%
Scotty O
20.1%
Cash
19.4%
Paisley
18.6%
Tygress
16.1%
Midajah
15.8%
M.I. Smooth
13.6%
Leia Meow
13.3%
Ms. Jones
12.9%

You're not logged in!

Compare scores with friends on all Sporcle quizzes.
Sign Up with Email
OR
Log In

You Might Also Like...

Show Comments

Extras

Top Quizzes Today


Score Distribution

Your Account Isn't Verified!

In order to create a playlist on Sporcle, you need to verify the email address you used during registration. Go to your Sporcle Settings to finish the process.